[Event "Nimzo 2"]
[Site "SchemingMind.com"]
[Date "2008.03.30"]
[Round "-"]
[White "Negrito19"]
[Black "badbishop"]
[Result "1-0"]
[WhiteCountry "ARG"]
[BlackCountry "POL"]
[WhiteElo "1663"]
[WhiteRD "69"]
[BlackElo "2225"]
[BlackRD "64"]
[GameID "147634"]

1. d4 Nf6 2. c4 e6 3. Nc3 Bb4 4. Bd2 O-O 5. a3 Bxc3 6. Bxc3 b6 7. Qc2 Bb7 8. f3 d5 9. e4 dxe4 10. fxe4 Bxe4
11. Qd2 Nbd7 12. Bd3 Bxd3 13. Qxd3 Nc5 14. Qc2 Nce4 15. Nf3 Nxc3 16. Qxc3 Ne4 17. Qe3 Nd6 18. c5 Nf5 19. Qc3 Qd5 20. O-O Rfd8
21. Rad1 bxc5 22. dxc5 Qxd1 23. Rxd1 Rxd1+ 24. Kf2 Ne7 25. b4 Rad8 26. Qe5 c6 27. Qc7 R1d7 28. Qf4 f6 29. Qc4 Kf7 30. h3 Rd1
31. Qf4 R8d5 32. h4 h6 33. g4 R1d3 34. a4= Ra3 35. a5 Ra2+ 36. Ke1 g5 37. hxg5 hxg5 38. Qc4 Ng6 39. Qxa2
1-0

[Event "Nimzo 2"]
[Site "SchemingMind.com"]
[Date "2008.03.30"]
[Round "-"]
[White "echecs"]
[Black "badbishop"]
[Result "0-1"]
[WhiteCountry "ENG"]
[BlackCountry "POL"]
[WhiteElo "1766"]
[WhiteRD "57"]
[BlackElo "2271"]
[BlackRD "65"]
[GameID "147635"]

1. d4 Nf6 2. c4 e6 3. Nc3 Bb4 4. e3 b6 5. Bd3 Bb7 6. Nf3 Ne4 7. Qc2 f5 8. a3 Bxc3+ 9. bxc3 O-O 10. O-O d6
11. Nd2 Qh4 12. Nf3 Qh5 13. Be2 Qg6 14. a4 Nd7 15. a5 Ndf6 16. Nh4 Qh6 17. g3 Ng5 18. Rd1 Ng4 19. d5 Nh3+ 20. Kg2 Nhxf2
21. Bxg4 Nxg4 22. a6 Bc8 23. Qe2 e5 24. e4 f4 25. Qf3 Ne3+
0-1

[Event "Nimzo 2"]
[Site "SchemingMind.com"]
[Date "2008.03.30"]
[Round "-"]
[White "gannet"]
[Black "badbishop"]
[Result "0-1"]
[WhiteCountry "GBR"]
[BlackCountry "POL"]
[WhiteElo "1949"]
[WhiteRD "94"]
[BlackElo "2225"]
[BlackRD "64"]
[GameID "147636"]

1. d4 Nf6 2. c4 e6 3. Nc3 Bb4 4. e3 b6 5. Nf3 Bb7 6. Bd3 Ne4 7. Qc2 f5 8. O-O Bxc3 9. bxc3 O-O 10. Nd2 Qh4
11. f3 Nxd2 12. Bxd2 d6 13. Rf2 Nd7 14. Raf1 Nf6 15. d5 exd5 16. cxd5 Bxd5 17. Bxf5 Qc4 18. a4 a5 19. Bd3 Qc5 20. e4 Bc4
21. Bxc4+ Qxc4 22. Be3 Rae8 23. Bd4 Nd7 24. Rb1 Ne5 25. Rd2 Re6 26. Qb3 Rxf3 27. Bxe5 Rf1+ 28. Rxf1 Qxb3 29. Rdf2 h6 30. Bd4 Rxe4
31. Rf8+ Kh7 32. R8f7 Rxd4 33. cxd4 Qe3+ 34. Kh1 Qxd4 35. Rxc7 Qxa4 36. h3 d5 37. Rff7 Qa1+ 38. Kh2 Qe5+ 39. Kh1 a4 40. Ra7 b5
41. Rab7 a3
0-1

[Event "Nimzo 2"]
[Site "SchemingMind.com"]
[Date "2008.03.30"]
[Round "-"]
[White "smothered mate"]
[Black "badbishop"]
[Result "0-1"]
[WhiteCountry "POL"]
[BlackCountry "POL"]
[WhiteElo "1926"]
[WhiteRD "48"]
[BlackElo "2225"]
[BlackRD "64"]
[GameID "147637"]

1. d4 Nf6 2. c4 e6 3. Nc3 Bb4 4. Qc2 O-O 5. a3 Bxc3+ 6. Qxc3 b6 7. f3 d5 8. Bg5 Ba6 9. e4 dxe4 10. fxe4 h6
11. Bxf6 Qxf6 12. Nf3 c5 13. d5 Qxc3+ 14. bxc3 Nd7 15. O-O-O Rad8 16. e5 Rfe8 17. Re1 Nf8 18. d6 f6 19. Rd1 Ng6 20. exf6 gxf6
21. Bd3 Nf4 22. Rhe1 Nxd3+ 23. Rxd3 Bxc4 24. Rd2 Kf7 25. Re4 Bd5 26. Rh4 Kg6 27. Kb2 b5 28. a4 a6 29. Rg4+ Kf7 30. Rh4 Rxd6
31. Rxh6 bxa4 32. c4 Rb6+ 33. Ka3 Bc6 34. Nh4 Reb8 35. Rf2 f5 36. g4 Rb1 37. Ka2 a3 38. gxf5 R1b2+ 39. Rxb2 axb2 40. fxe6+ Kg8
0-1

[Event "Nimzo 2"]
[Site "SchemingMind.com"]
[Date "2008.03.30"]
[Round "-"]
[White "Manuel Angel"]
[Black "badbishop"]
[Result "1/2-1/2"]
[WhiteCountry "ESP"]
[BlackCountry "POL"]
[WhiteElo "2085"]
[WhiteRD "85"]
[BlackElo "2209"]
[BlackRD "84"]
[GameID "147638"]

1. d4 Nf6 2. c4 e6 3. Nc3 Bb4 4. Qc2 O-O 5. a3 Bxc3+ 6. Qxc3 b6 7. Bg5 Ba6 8. Nf3 d6 9. e3 Nbd7 10. Bd3 c5
11. O-O Rc8 12. Rfe1 d5 13. b3 cxd4 14. Qxd4 dxc4 15. Bxc4 Bxc4 16. bxc4 Qc7 17. Rac1 Qc5 18. Bf4 Rfd8 19. Bd6 Qa5 20. Be7 Re8
21. Bb4 Qh5 22. e4 Nc5 23. Bxc5 Qxc5 24. e5 Qxd4 25. Nxd4 Nd7 26. Nb5 Rc5 27. f4 a6 28. Nd6 Ra8 29. Red1 Rc7 30. Rb1 Kf8
31. Kf2 Ke7 32. Rb3 Rb8 33. Rg3 g6 34. Rh3 h5 35. g4 hxg4 36. Rh7 Rf8 37. Rg7 Nc5 38. Rb1 Nd7 39. Kg3 Nf6 40. exf6+ Kxd6
41. Rxb6+ Rc6 42. Rb7 Rxc4 43. Rgxf7 Rxf7 44. Rxf7 e5 45. Kxg4 Ke6 46. Re7+ Kxf6 47. Rxe5 Ra4 48. Re3 g5 49. Rf3 Kg6 50. Kg3 gxf4+
51. Kg4 a5 52. h3 Kh6 53. h4 Rc4 54. Rxf4 Rxf4+ 55. Kxf4 Kh5 56. Kg3 a4 57. Kh3 Kh6 58. Kg4 Kg6 59. h5+ Kh6 60. Kh4 Kh7
61. Kg3 Kh6 62. Kg4 Kh7 63. Kg5 Kg7 64. Kf5=
1/2-1/2

[Event "Nimzo 2"]
[Site "SchemingMind.com"]
[Date "2008.03.30"]
[Round "-"]
[White "mmccaffe"]
[Black "badbishop"]
[Result "0-1"]
[WhiteCountry "USA"]
[BlackCountry "POL"]
[WhiteElo "1614"]
[WhiteRD "52"]
[BlackElo "2225"]
[BlackRD "64"]
[GameID "147639"]

1. d4 Nf6 2. c4 e6 3. Nc3 Bb4 4. Nf3 O-O 5. a3 Bxc3+ 6. bxc3 c5 7. e3 Nc6 8. Bd3 b6 9. O-O Ba6 10. Qe2 Rc8
11. Ne5 Na5 12. f4 Qc7 13. g4 d6 14. g5 Ne8 15. Bxh7+ Kxh7 16. Qh5+ Kg8 17. Rf3 g6 18. Qh6 f6 19. Rh3 Qg7 20. Nxg6 Qxh6
21. Rxh6 Rf7
0-1

[Event "Nimzo 2"]
[Site "SchemingMind.com"]
[Date "2008.03.30"]
[Round "-"]
[White "marandreo"]
[Black "badbishop"]
[Result "1-0"]
[WhiteCountry "ITA"]
[BlackCountry "POL"]
[WhiteElo "2308"]
[WhiteRD "133"]
[BlackElo "2225"]
[BlackRD "64"]
[GameID "147640"]

1. d4 Nf6 2. c4 e6 3. Nc3 Bb4 4. Qc2 O-O 5. a3 Bxc3+ 6. bxc3 c5 7. Nf3 Nc6 8. Bg5 h6 9. Bf4 d5 10. e3 a6
11. Bd3 dxc4 12. Bxc4 b5 13. Ba2 Qe7 14. O-O Bb7 15. e4 cxd4 16. cxd4 Rac8 17. Qd3 Rfd8 18. e5 Nd7 19. Rfe1 Nf8 20. Bd2 Qd7
21. Bc3 Ne7 22. Ba5 Re8 23. Red1 Nf5 24. d5 Bxd5 25. Bxd5 Qxd5 26. Qxd5 exd5 27. Rxd5 Ne6 28. Rad1 Rc2 29. Rd7 Rec8 30. g4
1-0